| 000 | 00426cam a2200145ua 4500 | ||
|---|---|---|---|
| 003 | OSt | ||
| 008 | 250823b |||||||| |||| 00| 0 eng d | ||
| 041 | _aeng | ||
| 082 |
_a627.54 _bKAP/BI |
||
| 100 |
_aKapoor, A.S . _97748 |
||
| 245 | _aBiodrainage: A biological option for controlling waterlogging and salinity / | ||
| 260 |
_aNew Delhi : _bTata Mc-Graw Hill Publishing Company , _c2001. |
||
| 300 | _a316 ; . | ||
| 942 | _cBK | ||
| 999 |
_c12251 _d12251 |
||